000 00352nam a2200133Ia 4500
008 240126s9999 xx 000 0 und d
041 _aEnglish
245 0 _aPopular Mechanics (1998 -
260 _bHeart Communications
440 _aNULL
520 _aOn-Line: http://www.popularmechanics.com
650 _aPopular,Mechanics,(1998,-
942 _cJN
999 _c262925
_d262925